| 000 | 00393nam a2200121 4500 | ||
|---|---|---|---|
| 008 | 180215b xxu||||| |||| 00| 0 eng d | ||
| 100 |
_926574 _aLazaro, Freddie G. |
||
| 245 |
_aDisaster preparedness, response framework laid out in Ilocandia/ _cFreddie G. Lazaro |
||
| 260 |
_aPhilippines _bManila Bulletin _cC2016 |
||
| 300 | _apage 8. | ||
| 650 | 0 |
_926575 _aDisaster management. |
|
| 942 |
_2ddc _cPER |
||
| 999 |
_c8694 _d8694 |
||